| 000 | 00718nam a22002417i 4500 | ||
|---|---|---|---|
| 003 | DO-SdBNP | ||
| 005 | 20250421114526.0 | ||
| 007 | ta | ||
| 008 | 250421b2012 |||||||| |||| 00| 0 eng d | ||
| 040 |
_aDO-SdBNP _bspa _cBNPHU _erda |
||
| 041 | _hspa | ||
| 082 |
_axxx _bS714c _222 |
||
| 100 | 1 |
_aSoriano, Clemencia _eautor _975580 |
|
| 245 | 1 | 0 |
_aContenidos básicos de historia II / _cClemencia Soriano |
| 264 |
_aSanto Domingo : _bUniversidad Nacional Tecnológica (UNNATEC), _c2012. |
||
| 300 |
_a146 Páginas ; _c28 cm |
||
| 336 |
_ardacontent _btexto _2txt |
||
| 337 |
_ardamedia _bsin mediación _2n |
||
| 338 |
_ardacarrier _bvolumen _2nc |
||
| 590 | _aInventariado, 2025 /DG | ||
| 910 | _aDG | ||
| 942 |
_2ddc _cLBS1 |
||
| 999 |
_c58734 _d58734 |
||